Quiz-Champion: Ernährung - Statistiken

Allgemein
  • Dieses Quiz wurde 121 mal gespielt
  • Das Durchschnittsergebnis liegt bei 7 aus 16
Antwortstatistiken
Frage Antwort % Korrekt
Welche spezielle Zutat verleiht dem immer beliebter werdenden ayurvedischen Heißgetränk "Goldene Milch" seine Farbe? Kurkuma
78%
Eine große Portion Pommrd mit Käse und viel Bratensauce, das ist eine beliebte Fast-Food-Spezialität in ...? Kanada namens Poutine
70%
In welcher Reihenfolge verzehrt man dem Ritual hierzulande nach einem Tequila zusammen mit Salz und Zitrone? lecken - trinken- beißen
61%
Ein Klassiker aus Alfred Bioleks Kochsendung "alfredissimo" war ...? die Mhmmm-Skala
57%
Vergleicht man die Nährwerte von genau 100 g Eiweiß und 100 g Eigelb eines Hühnereis, dann fällt auf: ...? Eigelb enthält mehr Eiweiß als Eiweiß
57%
Welche besondere Spezialität verbirgt sich hinter dem Namen "Brunost"? norwegischer Karamellkäse
57%
Worin serviert der Schweizer seinen geschmolzenen Gruyère, Appenzeller oder Emmentaler für das Käsefondue? Caquelon
48%
Wer im thailändischen Restaurant Lust auf ein mildes Curry mit Hühnerfleisch hat, der bestellt am besten ...? Gaeng Panaeng Gai
48%
"Fettuccine Alfredo" sind en in den USA beliebtes Nudelgericht und sie bestehen im Wesentlichen aus Bandnudeln mit ...? Käse und Butter
48%
Welcher dieser markant aussehenden Speisefische kommt in der gehobenen Gastronomie oft als "Lotte" auf den Tisch? Seeteufel
48%
Wie heißt ein in der italienischen Küche beliebtes, säuerlich-salziges Frühlingskraut, das gut im Mittelmeerraum gedeiht? Barba di frate
39%
Was ist das Besondere an den Blättern und Blüten des kugeligen Jambú, die einen festen Platz in der brasilianischen Küche haben? sie prickeln und betäuben den Mundraum
39%
Zwischen welchen beiden Fingern hält man klassischerweise den Stiel eines Cognac-Schwenkers? Mittelfinger und Ringfinger
35%
Auf welcher Grundzutat basiert der in der vegetarische Küche beliebter Fleischersatz "Seitan"? Weizen
17%
Was geht auf den Brauch eines langjährigen Bürgermeisters der französischen Stadt Dijon zurück? der Name des Cocktails Kir Royal
13%
In ganz Schweden bekannt und beliebt ist "Janssons Versuchung", ein ...? Kartoffelauflauf mit Anchovis
13%
Keine übereinstimmenden Quizze gefunden
Verteilung der Resultate
Anzahl Personen mit jedem Resultat
Perzentil nach korrekt beantworteten Fragen
Ihre Resultats-Entwicklung
Sie haben dieses Quiz noch nicht gespielt